Abandoned children

Αποθηκεύτηκε σε:
Λεπτομέρειες βιβλιογραφικής εγγραφής
Άλλοι συγγραφείς: Panter-Brick, Catherine, 1959- (Επιμελητής έκδοσης), Smith, Malcolm T. (Επιμελητής έκδοσης)
Μορφή: Βιβλίο
Γλώσσα:English
Δημοσίευση: Cambridge, UK : Cambridge University Press, 2000
Θέματα:
Ετικέτες: Προσθήκη ετικέτας
Δεν υπάρχουν, Καταχωρήστε ετικέτα πρώτοι!

MARC

LEADER 00000cam a2200000 i 4500
001 1/3033
008 100113s2000 eng d
020 |a 0-521-77555-8 (pbk.) 
035 |l 10106233 
040 |a GR-MY-UA  |b gre  |e aacr 
041 0 |a eng 
082 0 |a 362.7609  |2 (22) 
245 1 0 |a Abandoned children /  |c edited by Catherine Panter-Brick and Malcolm T. Smith 
260 |a Cambridge, UK :   |b Cambridge University Press,   |c 2000 
300 |a xvi, 231 σ.;  |b διαγρ., πιν.;  |c 23 εκ. 
504 |a Περιέχει βιβλιογραφικές παραπομπές και ευρετήριο 
650 0 0 |a Abandoned children  |x History. 
650 0 0 |a Foundlings  |x Care  |x History. 
650 0 0 |a Street children  |x History. 
700 1 |a Panter-Brick, Catherine,   |d 1959-  |4 edt 
700 1 |a Smith, Malcolm T.  |4 edt 
852 |a INST  |b LESVOS  |e 20100113  |h 362.7609 ABA  |p 005100045859  |q 005100045859  |t BK  |y 0 
901 |a BIBL1-2010-1 
909 |a Λ  |b 160116 
970 |a ΓΙΑΛΑΜΑ  |b ΜΑΡΙΑ  |z 2010/01/13